Colleges of the Dallas Cowboys 2025 - Statistics

General Stats
  • This quiz has been taken 59 times
  • The average score is 35 of 78
Answer Stats
Hint Answer % Correct
Dak Prescott Mississippi State
93%
CeeDee Lamb Oklahoma
91%
Tyler Guyton Oklahoma
91%
Perrion Winfrey Oklahoma
91%
Kenneth Murray Jr. Oklahoma
91%
Luke Schoonmaker Michigan
89%
Mazi Smith Michigan
89%
George Pickens Georgia
86%
Malik Hooker Ohio State
77%
Joe Milton III Tennessee
77%
Princeton Fant Tennessee
77%
Jaydon Blue Texas
77%
DeMarvion Overshown Texas
77%
Tyler Booker Alabama
75%
Trevon Diggs Alabama
75%
Marist Liufau Notre Dame
70%
Brandon Aubrey Notre Dame
70%
Dante Fowler Jr. Florida
66%
Shemar James Florida
66%
Trikweze Bridges Florida
66%
Kaiir Elam Florida
66%
Malik Davis Florida
66%
Miles Sanders Penn St
66%
Jake Ferguson Wisconsin
64%
Jack Sanborn Wisconsin
64%
T.J. Bass Oregon
59%
Ajani Cornelius Oregon
59%
Traeshon Holden Oregon
59%
Javonte Williams North Carolina
55%
Hakeem Adeniji Kansas
52%
Solomon Thomas Stanford
52%
Damone Clark LSU
50%
Saahdiq Charles LSU
50%
Phil Mafah Clemson
48%
Sam Williams Ole Miss
48%
Jonathan Mingo Ole Miss
48%
Jalen Brooks South Carolina
48%
Donovan Wilson Texas A&M
45%
Buddy Johnson Texas A&M
45%
Donovan Ezeiruaku Boston College
43%
Cooper Beebe Kansas State
43%
Kenny Clark UCLA
43%
Osa Odighizuwa UCLA
43%
Jay Toia UCLA
43%
KaVontae Turpin TCU
39%
Shavon Ravel Jr. East Carolina
34%
Rivaldo Fairweather Auburn
32%
Josh Butler Michigan State
32%
Trence Steele Texas Tech
32%
Tyler Smith Tulsa
32%
Will Grier West Virginia
32%
Brevyn Spann-Ford Minnesota
27%
Bryan Anger California
25%
DaRon Bland Fresno State
25%
Jalen Cropper Fresno State
25%
Juanyeh Thomas Georgia Tech
25%
Caelen Carson Wake Forest
25%
Brock Hoffman Virginia Tech
23%
Justin Barron Syracuse
20%
Alijah Clark Syracuse
20%
Marshawn Kneeland Western Michigan
20%
Payton Turner Houston
18%
Jalen Tolbert South Alabama
16%
Hunter Luepke North Dakota State
14%
Trent Sieg Colorado State
11%
Nate Thomas Louisiana
11%
Geron Christain Louisville
11%
Kemon Hall North Texas
11%
Isaiah Land Florida A&M
9%
Markquese Bell Florida A&M
9%
Earnest Brown IV Northwestern
9%
James Houston Jackson State
7%
Rob Jones Middle Tennessee St
5%
Reddy Steward Troy
5%
C.J. Goodwin California (PA)
2%
Adedayo Odeleye No College
2%
Robert Rochell Central Arkansas
0%
Christian Matthew Valdosta State
0%
No matching quizzes found
Score Distribution
Percent of People with Each Score
Percentile by Number Answered
Your Score History
You have not taken this quiz